000 00345nam a2200133Ia 4500
008 240614s9999 xx 000 0 und d
041 _aeng
100 _aRamane, D.
_9206811
245 _aSemiconductor Devices and Basic Electronic Systems
250 _a1st
260 _bVision
_c2022
_aPune
300 _a6.18
650 _aElectronics
_9206812
999 _c358189
_d358189